NHL Brothers - Statistics

General Stats
  • This quiz has been taken 57 times
  • The average score is 11 of 16
Answer Stats
Hint Answer % Correct
Luke, Quinn Hughes
94%
Seth, Caleb Jones
86%
Malcolm, P.K. Subban
84%
Daniel, Henrik Sedin
82%
Matthew, Brady Tkachuk
82%
Saku, Mikko Koivu
78%
Marc, Eric Staal
78%
Brent, Wayne Gretzky
76%
Phil, Tony Esposito
71%
Jordie, Jamie Benn
69%
Nick, Marcus Foligno
59%
Scott, Rob Niedermayer
59%
Mark, Marty Howe
49%
Anton, Peter Stastny
47%
Chris, Brandon Tanev
41%
Jimmy, Kevin Hayes
33%
No matching quizzes found
Score Distribution
Percent of People with Each Score
Percentile by Number Answered
Your Score History
You have not taken this quiz